[Event "Florianopolis op 9th"]
[Site "Florianopolis"]
[Date "2023.01.27"]
[Round "7"]
[White "Mendes Domingues, Ribeiro Matheus"]
[Black "Tomiello, Mateus Costamilan"]
[Result "1-0"]
[WhiteElo "2250"]
[BlackElo "2051"]
[PlyCount "91"]
[EventDate "2023.01.23"]
[EventType "swiss"]
[EventRounds "10"]
[EventCountry "BRA"]
[SourceTitle "CBM 212 Extra"]
[Source "ChessBase"]
[SourceDate "2023.03.31"]
[SourceVersion "1"]
[SourceVersionDate "2023.03.31"]
[SourceQuality "1"]

1. c4 Nf6 2. g3 g6 3. Bg2 Bg7 4. Nc3 0-0 5. e4 c5 6. Nge2 Nc6 7. d3 d6 8. 0-0 Bd7 9. h3 Rb8 10. Be3 a6 11. d4 cxd4 12. Nxd4 Nxd4 13. Bxd4 Qc7 14. Qe2 e5 15. Be3 Rbc8 16. b3 b5 17. Nd5 Nxd5 18. cxd5 f5 19. Rfc1 Qa5 20. Qd2 b4 21. Bg5 Qb6 22. Rxc8 Rxc8 23. Rc1 fxe4 24. Rxc8+ Bxc8 25. Qc2 Bd7 26. Qxe4 Qc5 27. Be3 Qc3 28. Qh4 Bf8 29. Qd8 Qc8 30. Qxc8 Bxc8 31. g4 Be7 32. Bb6 h5 33. Bf3 e4 34. Bxe4 hxg4 35. hxg4 Bxg4 36. Ba5 Kf7 37. Bxb4 Kf6 38. Bc3+ Kg5 39. Kg2 Kf4 40. f3 Bf5 41. Bxf5 Kxf5 42. Bd4 Bf6 43. Bxf6 Kxf6 44. f4 g5 45. Kf3 a5 46. fxg5+ 1-0

[Event "Florianopolis op 9th"]
[Site "Florianopolis"]
[Date "2023.01.23"]
[Round "1"]
[White "Meirelles, Olyntho Vitoria"]
[Black "Tomiello, Mateus Costamilan"]
[Result "0-1"]
[WhiteElo "1428"]
[BlackElo "2051"]
[PlyCount "52"]
[EventDate "2023.01.23"]
[EventType "swiss"]
[EventRounds "10"]
[EventCountry "BRA"]
[SourceTitle "CBM 212 Extra"]
[Source "ChessBase"]
[SourceDate "2023.03.31"]
[SourceVersion "1"]
[SourceVersionDate "2023.03.31"]
[SourceQuality "1"]

1. e4 e5 2. f4 exf4 3. Nf3 g5 4. h4 g4 5. Ne5 Qe7 6. d4 d6 7. Nxg4 Qxe4+ 8. Qe2 Bf5 9. Qxe4+ Bxe4 10. c3 f3 11. gxf3 Bxf3 12. Rg1 Be7 13. Bg5 f6 14. Be3 f5 15. Nh2 Bxh4+ 16. Bf2 Bxf2+ 17. Kxf2 Be4 18. Nd2 Nd7 19. Re1 Ngf6 20. Bh3 0-0-0 21. Nxe4 Nxe4+ 22. Kf3 Rdf8 23. Bxf5 Rxf5+ 24. Kxe4 Rf2 25. Nf3 Re8+ 26. Kf4 Rf8+ 0-1

[Event "Titled Tuesday intern op 12th Jul Late"]
[Site "Chess.com INT"]
[Date "2022.07.12"]
[Round "7"]
[White "Rostomyan, Mikayel"]
[Black "Tomiello, Mateus Costamilan"]
[Result "1-0"]
[WhiteElo "1977"]
[BlackElo "2051"]
[PlyCount "85"]
[EventDate "2022.07.12"]
[EventType "swiss (blitz)"]
[EventRounds "11"]
[EventCountry "USA"]
[SourceTitle "EXT 2023"]
[Source "ChessBase"]
[SourceDate "2022.10.05"]
[SourceVersion "1"]
[SourceVersionDate "2022.10.05"]
[SourceQuality "1"]

1. e4 g6 2. d4 Bg7 3. Nc3 d6 4. Be3 c6 5. f3 Nf6 6. Qd2 0-0 7. Bh6 e5 8. Bxg7 Kxg7 9. 0-0-0 Qa5 10. Kb1 Be6 11. h4 b5 12. d5 cxd5 13. exd5 b4 14. dxe6 bxc3 15. Qxc3 Qxc3 16. bxc3 d5 17. exf7 Rxf7 18. c4 d4 19. Bd3 Nbd7 20. Nh3 h6 21. Nf2 Nc5 22. Rhe1 Re8 23. Ne4 Nfxe4 24. Bxe4 Na4 25. Kc1 Nc3 26. Rd3 Nxa2+ 27. Kd2 Nc3 28. Bd5 Rfe7 29. f4 exf4 30. Rxe7+ Rxe7 31. Rxd4 Na4 32. Rxf4 Nc5 33. Kc3 a5 34. Kd4 Nd7 35. c5 Nf6 36. c6 a4 37. Kc5 a3 38. Ra4 Re5 39. Ra7+ Kf8 40. c7 Re8 41. Rxa3 Rc8 42. Ra8 Ke7 43. Rxc8 1-0

[Event "Titled Tuesday intern op 12th Jul Late"]
[Site "Chess.com INT"]
[Date "2022.07.12"]
[Round "5"]
[White "Tomiello, Mateus Costamilan"]
[Black "Levine, Joseph1111"]
[Result "1-0"]
[WhiteElo "2051"]
[BlackElo "2294"]
[PlyCount "129"]
[EventDate "2022.07.12"]
[EventType "swiss (blitz)"]
[EventRounds "11"]
[EventCountry "USA"]
[SourceTitle "EXT 2023"]
[Source "ChessBase"]
[SourceDate "2022.10.05"]
[SourceVersion "1"]
[SourceVersionDate "2022.10.05"]
[SourceQuality "1"]

1. e4 e6 2. Nf3 d5 3. Nc3 Nf6 4. e5 Nfd7 5. d4 c5 6. dxc5 Nc6 7. Bf4 Bxc5 8. Bd3 h6 9. 0-0 a6 10. a3 b5 11. Re1 Qb6 12. Qd2 g5 13. Bg3 Nd4 14. Nxd4 Bxd4 15. Nxd5 exd5 16. e6 Nf6 17. c3 Bc5 18. Be5 Be7 19. Bd4 Qd6 20. exf7+ Kxf7 21. b4 Re8 22. Qc2 Ne4 23. Bxe4 dxe4 24. Qxe4 Qxh2+ 25. Kxh2 Bd6+ 26. Be5 Bxe5+ 27. Kh1 Ra7 28. Qh7+ Bg7 29. Rxe8 Kxe8 30. Re1+ Kf7 31. Qd3 Be6 32. Qe3 Re7 33. Qc5 Bf6 34. a4 bxa4 35. c4 a3 36. Qa5 Bxc4 37. Rxe7+ Bxe7 38. Qxa3 Bb5 39. Qc3 Bf6 40. Qb3+ Kg6 41. f3 Kg7 42. Qc2 Be7 43. Qc7 Kf7 44. Qb6 Bf6 45. Qc7+ Kg6 46. Kh2 Kf5 47. g4+ Kg6 48. Kg2 Bg7 49. Qd6+ Bf6 50. Qb6 Kf7 51. Kf2 Be7 52. Ke3 Bf6 53. Qc7+ Kg6 54. Ke4 Bg7 55. Qd6+ Kh7 56. Kf5 Kg8 57. Qc7 Kh7 58. Qb7 Kg8 59. f4 Bd3+ 60. Ke6 Bc4+ 61. Kd6 Bb5 62. Qc8+ Kh7 63. f5 Bf6 64. Qc7+ Bg7 65. f6 1-0

[Event "Titled Tuesday intern op 12th Jul Late"]
[Site "Chess.com INT"]
[Date "2022.07.12"]
[Round "3"]
[White "Tomiello, Mateus Costamilan"]
[Black "Sargsyan, Anna M"]
[Result "1-0"]
[WhiteElo "2051"]
[BlackElo "2378"]
[PlyCount "41"]
[EventDate "2022.07.12"]
[EventType "swiss (blitz)"]
[EventRounds "11"]
[EventCountry "USA"]
[SourceTitle "EXT 2023"]
[Source "ChessBase"]
[SourceDate "2022.10.05"]
[SourceVersion "1"]
[SourceVersionDate "2022.10.05"]
[SourceQuality "1"]

1. d4 d5 2. Nf3 Nf6 3. g3 c5 4. Bg2 cxd4 5. Nxd4 e5 6. Nb3 h6 7. 0-0 Nc6 8. Nc3 d4 9. Ne4 Nxe4 10. Bxe4 f5 11. Bg2 Be6 12. e3 dxe3 13. Bxe3 Qf6 14. Re1 Bb4 15. c3 Be7 16. Nc5 Rd8 17. Qa4 Bxc5 18. Bxc5 Bd5 19. Rad1 Bxg2 20. Kxg2 Rxd1 21. Rxd1 1-0